LEADER 01411nam a2200349 i 4500 001 991000694029707536 005 20020507172345.0 008 950508s1994 uk ||| | eng 020 $a030644724X 035 $ab10744162-39ule_inst 035 $aLE01300828$9ExL 040 $aDip.to Matematica$beng 082 0 $a511.4 084 $aAMS 41-06 084 $aAMS 60-06 084 $aQA221.A643 100 1 $aAnastassiou, George A.$060024 245 10$aApproximation, probability, and related fields /$cedited by George Anastassiou and Svetlozar T. Rachev 260 $aNew York ; London :$bPlenum Press,$cc1994 300 $axiii, 454 p. ;$c26 cm. 500 $aIncludes bibliographical references and index. 500 $a"Proceedings of a Conference on Approximation, Probability, and Related Fields, held May 20-22, 1993, in Santa Barbara, California" - T.p. verso 650 4$aApproximation theory$xCongresses 650 4$aProbability theory$xCongresses 650 4$aStochastic processes$xCongresses 700 1 $aRachev, Svetlozar Todorov 907 $a.b10744162$b21-09-06$c28-06-02 912 $a991000694029707536 945 $aLE013 41-XX ANA11 (1994)$g1$i2013000035185$lle013$o-$pE0.00$q-$rl$s- $t0$u2$v0$w2$x0$y.i10835696$z28-06-02 996 $aApproximation, probability, and related fields$9910720 997 $aUNISALENTO 998 $ale013$b01-01-95$cm$da $e-$feng$guk $h0$i1 LEADER 01468nam2 22003131i 450 001 UON00426315 005 20231205104848.658 010 $a05-212-4216-9 100 $a20130607d1986 |0itac50 ba 101 $aeng 102 $aGB 105 $a|||| 1|||| 200 1 $aˆ2.: ‰1898-1902$fFrederick R. Karl$gLaurence Davies 210 $aCambridge [etc.]$cCambridge university$d1986 215 $axxxvii, 483 p.$cill.$d23 cm. 2 copie. 461 1$1001UON00426311$12001 $aˆThe ‰Collected letters of Joseph Conrad$fFrederick R. Karl$1210 $aCambridge [etc.]$cCambridge university$d1983$1215 $a23 cm.$v2 606 $aCONRAD JOSEPH$3UONC038284$2FI 620 $dCambridge$3UONL000022 676 $a823.914$cNarrativa inglese, 1945-1999$v21 700 1$aConrad$bJoseph$3UONV020105$0153570 701 1$aKARL$bFrederick Robert$3UONV187633$0458568 702 1$aDAVIES$bLaurence$3UONV216712 712 $aCambridge University Press$3UONV245943$4650 801 $aIT$bSOL$c20260306$gRICA 912 $aUON00426315 950 $aSIBA - SISTEMA BIBLIOTECARIO DI ATENEO E ARCHIVIO STORICO$dSI Angl V A CON 032 $eSI LO 39169 5 032 $sBuono 950 $aSIBA - SISTEMA BIBLIOTECARIO DI ATENEO E ARCHIVIO STORICO$dSI Angl V A CON 032 bis $eSI LO 32579 5 032 bis $sBuono 996 $a1898-1902$91743947 997 $aUNIOR